000 00446nam a2200169Ia 4500
999 _c12
_d12
003 OSt
005 20210908102116.0
008 190216s9999||||xx |||||||||||||| ||und||
040 _coclc
082 _a492.7
_bMUS/A
100 _aMusliyar, Ali
_98702
245 0 _aAnnahvul Vadihu /
_cAli Musliyar
260 _bSultana Publishing House,
300 _a161p
650 _aArabic
942 _cBK
_2ddc
_h492.7
_iMUS/A
_k492.7
_mMUS/A